• 首页
  • 本馆介绍
  • 公告通知
  • 最新文献
  • 馆藏检索
  • 电子资源
  • 读者导购
  • 参考咨询
  • 我的图书馆
  • 登录
  • 详细信息显示
  • 放入我的书架
  • 预约/预借图书
  • 作者相关作品
  • 分类相关作品
  • 丛书相关作品
  • 出版社相关作品

书目信息

  • 表格格式
  • 工作单格式
  • 卡片格式
题名:
固体中的超声波
    
 
作者: 罗斯 著 ;何存富 译
分册:  
出版信息: 北京   科学出版社  2004
页数: 11,366页
开本: 26cm
丛书名:
单 册:
中图分类: O482.1 , O426
科图分类:
主题词: 固体物理--超声波 , 固体物理 , 超声波
电子资源:
ISBN: 7-03-011620-8
000 01051nam0 2200289 450
001 002630042
005 20070805104119.64
010    @a7-03-011620-8@dCNY48.00
100    @a20040316e20052004em y0chiy0110 ea
101 1  @achi@ceng
102    @aCN@b110000
105    @ay z 000yy
106    @ar
200 1  @a固体中的超声波@Agu ti zhong de chao sheng bo@f(美)J.L.罗斯(Joseph L.Rose)著@F( mei )J.L. luo si (Joseph L.Rose) zhu@g何存富等译@Ghe cun fu deng yi
210    @a北京@c科学出版社@d2004@h2005重印
215    @a11,366页@d26cm
330    @a本书介绍了波在基本物理性质及其在现代科学的一些应用,涉及波传播的基本原理,并将其和超声波作用机制以及最近发展起来的导波技术结合,应用于飞行器、电厂等现役管理的检测介绍。
510 1  @aUltrasonic Waves in Solid Media@zeng
606 0  @a固体物理@x超声波
606 0  @a固体物理
606 0  @a超声波
690    @aO482.1@v4
690    @aO426@v4
701  0 @c(美)@a罗斯@Aluo si@c(Rose, Joseph L.)@4著
702  0 @a何存富@Ahe cun fu@c(教授)@4译
801  0 @aCN@bNLC@c20070805
905    @dO482.1@e46@f5
    
    固体中的超声波/(美)J.L.罗斯(Joseph L.Rose)著/何存富等译.-北京:科学出版社,2004(2005重印)
    11,366页;26cm
    
    
    ISBN 7-03-011620-8:CNY48.00
    本书介绍了波在基本物理性质及其在现代科学的一些应用,涉及波传播的基本原理,并将其和超声波作用机制以及最近发展起来的导波技术结合,应用于飞行器、电厂等现役管理的检测介绍。
●
相关链接 在E读中查询图书 在五车中查询图书 在当当中查询图书 在豆瓣中查询图书


正题名:固体中的超声波     索取号:O482.1/46         预约/预借

序号 登录号 条形码 馆藏地/架位号 状态 备注
1 0851775   208517755   第二样本阅览室/ [索取号:O482.1/46] 在馆    
2 0851776   208517764   第三借阅区/ [索取号:O482.1/46] 在馆    
3 0851777   208517773   第三借阅区/ [索取号:O482.1/46] 在馆    
4 0851778   208517782   第三借阅区/ [索取号:O482.1/46] 在馆    
5 0851779   208517791   第三借阅区/ [索取号:O482.1/46] 在馆    
唐山师范学院图书馆 欢迎您!
大连网信软件有限公司© 版权所有